| 000 | 01633nam0a22003011 4500 | ||
|---|---|---|---|
| 001 | rc\2292047 | ||
| 005 | 20110829135249.0 | ||
| 035 | _a(NLR Aleph) 006665165 | ||
| 090 |
_a4935353 _c4935353 |
||
| 100 | _a20110829d1977 |||y0rusy50 ca | ||
| 101 | 0 | _arus | |
| 102 | _aRU | ||
| 105 | _ay z ||||| | ||
| 200 | 1 |
_aАктуальные вопросы спортивной медицины и лечебной физкультуры _eМатериалы XI Эст. респ. науч.-практ. конф. _f[Ред. коллегия: ... Ф.Г. Маркусас (отв. ред.)] |
|
| 210 |
_aТаллин _cБ. и. _d1977 |
||
| 215 |
_a136 с. _d21 |
||
| 300 | _aВ надзаг.: Ин-т эксперим. и клинич. медицины М-ва здравоохранения ЭССР, Ком. по физ. культуре и спорту при Совете Министров ЭССР, Федерация спорт. медицины ЭССР, Науч. мед. о-во спорт. медицины и лечебной физкультуры ЭССР, Респ. врачебно-физкульт. диспансер М-ва здравоохранения ЭССР | ||
| 320 | _aАвт. указ.: с. 129-131 | ||
| 606 |
_aФизическая культура, лечебная _jСборники _2psbo |
||
| 606 |
_aМедицина спортивная _jСборники _2psbo |
||
| 702 | 1 |
_aМаркусас _bФ. Г. _4340 |
|
| 801 | 0 |
_aRU _bNLR _gpsbo |
|
| 801 | 1 |
_aRU _bELAR _2rusmarc |
|
| 852 |
_aNLR _j77-3/12116 |
||
| 899 |
_aRuMoRGB _jБ 77-27/1301 |
||
| 899 |
_aRuMoRGB _jБ 77-27/1302 |
||
| 942 | _cBOOK | ||
| 980 | _aNB | ||